INTERPRETATION OF GEOMETRIC DIMENSIONING AND TOLERANCING (Registro nro. 49836)
[ vista simple ]
| 000 -LEADER | |
|---|---|
| fixed length control field | 00839nam a2200193 a 4500 |
| 001 - CONTROL NUMBER | |
| control field | 49836 |
| 005 - DATE AND TIME OF LATEST TRANSACTION | |
| control field | 20180714034657.0 |
| 008 - FIXED-LENGTH DATA ELEMENTS--GENERAL INFORMATION | |
| fixed length control field | 140415d 000 0 eng d |
| 020 ## - INTERNATIONAL STANDARD BOOK NUMBER | |
| International Standard Book Number | 0831130105 |
| 041 ## - LANGUAGE CODE | |
| Language code of text/sound track or separate title | eng |
| 082 ## - DEWEY DECIMAL CLASSIFICATION NUMBER | |
| Classification number | 620.0045 |
| Item number | PUN |
| 100 1# - MAIN ENTRY--PERSONAL NAME | |
| Personal name | PUNCOCHAR, DANIEL E. |
| 245 10 - TITLE STATEMENT | |
| Title | INTERPRETATION OF GEOMETRIC DIMENSIONING AND TOLERANCING |
| 250 ## - EDITION STATEMENT | |
| Edition statement | 2a ed. |
| 260 ## - PUBLICATION, DISTRIBUTION, ETC. | |
| Place of publication, distribution, etc. | [s.l.] : |
| Name of publisher, distributor, etc. | INDUSTRIAL PRESS INC.,, |
| Date of publication, distribution, etc. | [s.f.] |
| 300 ## - PHYSICAL DESCRIPTION | |
| Extent | 143 |
| Dimensions | 27.9 x 21.4 x 1 |
| 520 ## - SUMMARY, ETC. | |
| Summary, etc. | GEOMETRIC DIMENSIONING AND TOLERANCING IS A METHOD FOR STATING AND INTERPRETING DESING REQUIREMENTS GD&T IS AN INTERNATIONAL SYSTEM OF SYMBOLIC LANGUAGE, AN IS SIMPLY ANOTHER TOOL AVAILABLE TO MAKE ENGINEERING DRAWINGS A BETTER MEANS OF COMMUNICATION FROM DESING THROUGH MANUFACTURING AND INSPECTION. |
| 650 14 - SUBJECT ADDED ENTRY--TOPICAL TERM | |
| Topical term or geographic name entry element | TOLERANCIAS (INGENIERIA) |
| Withdrawn status | Lost status | Source of classification or shelving scheme | Damaged status | Not for loan | Collection code | Home library | Current library | Shelving location | Date acquired | Source of acquisition | Inventory number | Total Checkouts | Full call number | Barcode | Date last seen | Date last checked out | Price effective from | Koha item type |
|---|---|---|---|---|---|---|---|---|---|---|---|---|---|---|---|---|---|---|
| Dewey Decimal Classification | General | Biblioteca Karol Wojtyla | Biblioteca Karol Wojtyla | Sala general | 03/12/2013 | Compra | 151000000000000000003408 | 5 | 620.0045 PUN | 74456 | 05/01/2026 | 17/03/2020 | 03/12/2013 | Libro |